000 00597nam a2200241Ia 4500
003 OSt
005 20221005131402.0
006 a|||||r|||| 00| 0
007 ta
008 221004b |||||||| |||| 00| 0 tam d
024 _a51224
037 _cTextual
040 _aCRL
_cCRL
_btam
041 _2tam
_atam
082 _aO31,6NSU1x, M7
100 _aRajeswari
_9220835
245 0 _aSnbramania sivavin katturaigal
260 _c1987
300 _a144p.
_ccm.
650 _aTAMIL PROSE
942 _hO31,6NSU1x, M7
_cTEXL
_2cc
999 _c1060191
_d1060191